Derechas católicas y anticomunistas en la formación de una cultura ciudadana : de la posrevolución a la crisis del régimen político (1920-1970) /
Colección de textos que reflexionan sobre el papel de los grupos de la derecha católica y los movimientos anticomunistas durante el periodo posterior a la Revolución Mexicana. Analizan la influencia de estos grupos durante los momentos de crisis política tras la reesctructuración del país, que parti...
Guardado en:
| Autor principal: | |
|---|---|
| Otros autores: | |
| Formato: | Libro |
| Idioma: | Español |
| Publicado: |
México :
Universidad Iberoamericana Ciudad de México,
2025, c2025
|
| Temas: | |
| Etiquetas: |
Sin etiquetas, Sé el primero en etiquetar este registro!
|
MARC
| LEADER | 00000nam^a2200000^a^4500 | ||
|---|---|---|---|
| 001 | 000622267 | ||
| 005 | 20260408000000.0 | ||
| 009 | 20260409133035.753 | ||
| 020 | |a 978-607-2644-36-6 | ||
| 037 | |a Acervo ITESO - Biblioteca | ||
| 041 | |a ESP | ||
| 082 | |a 320. 97206 |b HER | ||
| 100 | |a Hernández Vicencio, Tania |e (coordinación) | ||
| 245 | 1 | 0 | |a Derechas católicas y anticomunistas en la formación de una cultura ciudadana : |b de la posrevolución a la crisis del régimen político (1920-1970) / |c Coord. de T. Hernández Vicencio, M. López Menéndez. |
| 264 | 4 | |a México : |b Universidad Iberoamericana Ciudad de México, |c 2025, c2025 | |
| 300 | |a 155 p. | ||
| 336 | |a texto |b txt |2 rdacontenido | ||
| 337 | |a sin mediación |b n |2 rdamedio | ||
| 338 | |a volumen |b nc |2 rdasoporte | ||
| 520 | |a Colección de textos que reflexionan sobre el papel de los grupos de la derecha católica y los movimientos anticomunistas durante el periodo posterior a la Revolución Mexicana. Analizan la influencia de estos grupos durante los momentos de crisis política tras la reesctructuración del país, que participaron en el reclamo de derechos y la educación cívica. | ||
| 649 | |a XX | ||
| 650 | |a Iglesia y Educación - |z México - |x Historia | ||
| 650 | |a Iglesia y Estado - |z México - |x Historia | ||
| 650 | |a Anticomunismo - |z México - |x Historia - |y 1910-1946 | ||
| 650 | |a Anticomunismo - |z México - |x Historia - |y 1946-2000 | ||
| 650 | |a Anticomunismo - |z México - |x Historia - |y Siglo XX | ||
| 650 | |a Extrema Derecha - |z México - |x Historia | ||
| 650 | |a Derecha, La - |z México - |x Tema Principal | ||
| 650 | |a Iglesia Católica en México - |x Historia - |y Siglo XX | ||
| 650 | |a Educación y Política - |z México - |x Historia | ||
| 650 | |a Política y Religión - |z México - |x Historia | ||
| 650 | |a México - |x Condiciones Políticas | ||
| 650 | |a Política - |z México - |x Historia - |y 1910-1946 | ||
| 650 | |a Política - |z México - |x Historia - |y 1946-2000 | ||
| 650 | |a Política - |z México - |x Historia - |y Siglo XX | ||
| 700 | |a López Menéndez, Marisol |e (coordinación) | ||
| 910 | |a Fondo General | ||
| 920 | |a Impresos - Libros | ||
| 930 | |a Colección General | ||
| 905 | |a 101 | ||
| 901 | |a 622390-10 |b IT1 |c ACC |i D132057 |u 20251009 | ||
| 901 | |a 622390-20 |b IT1 |c ACC |i D132170 |u 20260408 | ||
| 902 | |a https://opac.biblio.iteso.mx/vufind/Record/000622267 | ||